Catalog

Record Details

Catalog Search



Slovník současné češtiny Cover Image Book Book

Slovník současné češtiny

Record details

  • ISBN: 978-80-87471-27-2 (váz.)
  • Physical Description: 1085 s. : barev. il. ; 20 cm + 1 CD-ROM
  • Edition: 1. vyd.
  • Publisher: V Brně : Lingea, 2011

Content descriptions

General Note:
Obálkový podnázev: správně česky
Bibliography, etc. Note:
Obsahuje bibliografii
Subject: čeština
Czech language
Genre: jazykové slovníky
výkladové slovníky
language dictionaries
explanatory dictionaries

Available copies

  • 1 of 1 copy available at Common Catalog SPOK.

Holds

  • 0 current holds with 1 total copy.
Show Only Available Copies
Location Call Number / Copy Notes Barcode Shelving Location Status Due Date
Jabok Library JZ-2.3/L 424480027545 Odborná literatura Available -

LDR 01222nam a2200373 a 4500
00116710
003CZ-PrJAB
00520121127131207.0
007ta
008111202s2011 xr a g d 000 0 cze
015 . ‡acnb002255736
020 . ‡a978-80-87471-27-2 (váz.) ‡z978-080-087471-27-2
035 . ‡a(CONS)16710
035 . ‡a(CZ PrNK)nkc20112255736
035 . ‡a(OCoLC)773173099
040 . ‡aABA001 ‡bcze ‡dBOA001
072 7. ‡a811.162.3 ‡xČeština ‡2Konspekt ‡911
080 . ‡a811.162.3 ‡2MRF
080 . ‡a(038)81 ‡2MRF
080 . ‡a(038.072)81 ‡2MRF
24500. ‡aSlovník současné češtiny
250 . ‡a1. vyd.
260 . ‡aV Brně : ‡bLingea, ‡c2011
300 . ‡a1085 s. : ‡bbarev. il. ; ‡c20 cm + ‡e1 CD-ROM
500 . ‡aObálkový podnázev: správně česky
504 . ‡aObsahuje bibliografii
65007. ‡ačeština ‡7ph135292 ‡2czenas
65009. ‡aCzech language ‡2eczenas
655 7. ‡ajazykové slovníky ‡7fd132493 ‡2czenas
655 7. ‡avýkladové slovníky ‡7fd133855 ‡2czenas
655 9. ‡alanguage dictionaries ‡2eczenas
655 9. ‡aexplanatory dictionaries ‡2eczenas
910 . ‡aABG312
9281 . ‡aLingea
901 . ‡a16710 ‡b ‡c16710 ‡tbiblio

Additional Resources